000 00425nam a2200181Ia 4500
001 3060
005 20260306144853.0
008 260306t1998||||xx |||||||||||||| ||spa||
041 _aESP
082 _a248.246
_bF85
100 _aFrossard, André
_eAUT
245 0 _aDios existe:
_byo me lo encontré
260 _c1998
300 _a167 páginas :
_c19 cm.
650 _aGEN
654 _aCHU
942 _cLIB
_dJUS
_fJUS
_2ddc
_n
999 _c3060
_d3060